| 000 | 00831nam a22002537a 4500 | ||
|---|---|---|---|
| 999 |
_c65712 _d65712 |
||
| 005 | 20240530110839.0 | ||
| 008 | 191222s2008 ua a f 000 0 ara d | ||
| 017 |
_a2007/22204 _bمصر. دار الكتب |
||
| 020 | _a9789770921945 | ||
| 040 |
_aEG-CaGPL _cEG-CaGPL |
||
| 082 | 0 | 4 |
_221 _a923.2 _bق / س م |
| 100 | 0 | _aسعد مرتضى | |
| 245 | 1 | 0 |
_aمهمتى فى اسرائيل : _bمذكرات اول سفير مصرى فى تل ابيب / _cسعد مرتضى |
| 250 | _aط .1 | ||
| 260 |
_aالقاهرة : _bدار الشرق، _c2008 |
||
| 300 |
_a325 ص . : _bايض . ؛ _c24 سم . |
||
| 600 | 0 | _aالمست بيجن | |
| 600 | 0 | _aالمستر بيريز | |
| 600 | 0 | _aالجنرال شارون | |
| 650 | _2qrmak | ||
| 651 | _2qrmak | ||
| 942 |
_2ddc _cBK |
||